000 01119nas a2200373 4500
001 BR2014005714
003 BR-BrBNA
005 20231205124505.0
007 ta
008 230509b bl.|||p| |||| 00| 00por d
040 _aBR-BrBNA
_bpor
_cBiblioteca Nacional de Agricultura
041 _a(Pt)
072 _aM12
100 1 _aKnoop, R.
100 1 _aFerreira, C.M.
100 1 _aTakahashi, N.S.
100 1 _aFrança, F.M.
100 1 _aAntonucci, A.M.
100 1 _aTeixeira, P.C.
100 1 _aSugohara, A.
100 1 _aDias, D. de C.
100 1 _aTachibana, L.
100 1 _aHipolito, M.
245 1 _aInfluência da incorporação de vitamina C à dieta no desempenho produtivo de rãs-touro Lithobates catesbeians pós-metamorfoseadas
650 _a
650 _aVITAMINA C
650 _aANTIOXIDANTE
650 _aSTRESS
650 _aRANICULTURA
650 _aSUPLEMENTO VITAMINICO
773 0 _tBoletim do Instituto de Pesca (Brazil)
_xISSN 0046-9939
_g(Oct-Dec 2011), v. 37(4) p. 383-391
_wBR2014005714
909 _a202311
_bLúcia
_c55
_dLúcia Elande
942 _2AGRIS
_n0
_cANA
999 _c239339
_d239339